书目信息 |
| 题名: |
全国计算机等级考试四级教程
|
|
| 作者: | 郑雪峰 , 赵海春 , 郑榕 编著 | |
| 分册: | ||
| 出版信息: | 北京 高等教育出版社 2015 |
|
| 页数: | 248页 | |
| 开本: | 26cm | |
| 丛书名: | ||
| 单 册: | ||
| 中图分类: | TP3 , TP301 | |
| 科图分类: | ||
| 主题词: | 电子计算机--等级考试--教材 , 计算机组成原理--等级考试--教材 , 电子计算机--接口--等级考试--教材 | |
| 电子资源: | ||
| ISBN: | 978-7-04-044305-9 | |
| 000 | 01110nam0 2200289 450 | |
| 001 | 0103745662 | |
| 005 | 20160429152011.0 | |
| 010 | @a978-7-04-044305-9@dCNY32.00 | |
| 100 | @a20160129d2015 em y0chiy0120 ea | |
| 101 | 0 | @achi |
| 102 | @aCN@b110000 | |
| 105 | @aa z 000yy | |
| 106 | @ar | |
| 200 | 1 | @a全国计算机等级考试四级教程@9Quan Guo Ji Suan Ji Deng Ji Kao Shi Si Ji Jiao Cheng @e2016年版@f郑雪峰,赵海春,郑榕编著@g教育部考试中心[编]@b专著 |
| 210 | @a北京@c高等教育出版社@d2015 | |
| 215 | @a248页@c图@d26cm | |
| 330 | @a本书介绍了计算机的基本知识、计算机中的数据表示方法以及CPU的基本结构,存储器的基本类型与CPU的连接方式,汇编语言程序设计,中断技术,CPU与外部不同设备的数据交换方式等内容。 | |
| 606 | 0 | @a电子计算机@x等级考试@j教材 |
| 606 | 0 | @a计算机组成原理@x等级考试@j教材 |
| 606 | 0 | @a电子计算机@x接口@x等级考试@j教材 |
| 690 | @aTP3@v5 | |
| 690 | @aTP301@v5 | |
| 701 | 0 | @a郑雪峰@f(1951.1~)@4编著@9zheng xue feng |
| 701 | 0 | @a赵海春@4编著@9zhao hai chun |
| 701 | 0 | @a郑榕@c(计算机教学)@4编著@9zheng rong |
| 801 | 0 | @aCN@bAZmarc@c20230903 |
| 905 | @aBZT@dTP3@e220@f1@sTP3/220 | |
| 全国计算机等级考试四级教程:2016年版/郑雪峰,赵海春,郑榕编著/教育部考试中心[编].-北京:高等教育出版社,2015 |
| 248页:图;26cm |
| ISBN 978-7-04-044305-9:CNY32.00 |
| 本书介绍了计算机的基本知识、计算机中的数据表示方法以及CPU的基本结构,存储器的基本类型与CPU的连接方式,汇编语言程序设计,中断技术,CPU与外部不同设备的数据交换方式等内容。 |
| ● |
| 相关链接 |
|
|
|
正题名:全国计算机等级考试四级教程
索取号:TP3/220
 
预约/预借
| 序号 | 登录号 | 条形码 | 馆藏地/架位号 | 状态 | 备注 |
| 1 | 2000000974 | 2000000974 | 旧书回溯/ [索取号:TP3/220] | 在馆 |